| 000 | 01296cam a2200361 a 4500 | ||
|---|---|---|---|
| 001 | 16249890 | ||
| 003 | OSt | ||
| 005 | 20170105102900.0 | ||
| 008 | 100524s2011 enk b 001 0deng | ||
| 010 | _a 2010021854 | ||
| 020 | _a9780415781428 (hardback) | ||
| 020 | _a0415781426 (hardback) | ||
| 020 | _a9780415781435 (pbk.) | ||
| 020 | _a0415781434 (pbk.) | ||
| 020 | _a9780203837221 (ebook) | ||
| 020 | _a0203837223 (ebook) | ||
| 035 | _a(OCoLC)ocn607983037 | ||
| 040 |
_aDLC _cDLC _dYDX _dBTCTA _dYDXCP _dCDX _dBWX _dDLC |
||
| 050 | 0 | 0 |
_aJZ1305 _b.A82 2011 |
| 082 | 0 | 0 |
_a327.092/2 _222 _bAUT 2011 |
| 245 | 0 | 0 |
_aAutobiographical international relations : _bI, IR / _cedited by Naeem Inayatullah. |
| 260 |
_aMilton Park, Abingdon, Oxon [England] ; _aNew York : _bRoutledge, _cc2011. |
||
| 300 |
_axiii, 212 p. ; _c24 cm. |
||
| 490 | 1 | _aInterventions | |
| 504 | _aIncludes bibliographical references and index. | ||
| 650 | 0 | _aInternational relations. | |
| 650 | 0 | _aInternational relations specialists. | |
| 700 | 1 | _aInayatullah, Naeem. | |
| 830 | 0 | _aInterventions (Routledge (Firm)) | |
| 906 |
_a7 _bcbc _corignew _d1 _eecip _f20 _gy-gencatlg |
||
| 942 |
_2ddc _cBK |
||
| 999 |
_c14627 _d14627 |
||